00408 a2200097 4500001001000000005001700010008004100027245014200068100002400210773007600234ART_5169920260410162015.0260409a 10aApuntes sobre las principales modificaciones al Código Contencioso, Administrativo y Tributario de la Ciudad Autónoma de Buenos Aires1 aRoitman, Facundo J.0 tTemas de derecho administrativog- Año 6, N° 2 (feb. 2021)wREV40468